000 00459cam a22001097a 4500
008 180718b1947 xxu||||| |||| 00| 0 eng d
082 _aP5421 Un3i
245 _aReport of the interdepartmental commission of Enquiry on Oriental, Slavonic East European and African Studies
_cby Her Majesty's Stationery Office, United States
260 _aLondon
_bHer Majesty's Stationery Office
_c1947
300 _a192p
700 _aUnited States. Her Majesty's Stationery Office
999 _c416667
_d416667